[Event "Kecskemet Caissa IM"]
[Site "Kecskemet"]
[Date "2010.06.23"]
[Round "8"]
[White "Iwamoto, Takashi"]
[Black "Johnsen, Gunnar"]
[Result "0-1"]
[WhiteElo "2268"]
[BlackElo "2225"]
[PlyCount "108"]
[EventDate "2010.06.19"]
[EventType "tourn"]
[EventRounds "9"]
[EventCountry "HUN"]
[SourceTitle "CBM 137 Extra"]
[Source "ChessBase"]
[SourceDate "2010.09.01"]
[SourceVersion "1"]
[SourceVersionDate "2010.09.01"]
[SourceQuality "1"]

1. Nf3 f5 2. b3 d6 3. d4 Nf6 4. g3 g6 5. Bg2 Bg7 6. Bb2 0-0 7. 0-0 a5 8. Nbd2 a4 9. a3 axb3 10. cxb3 Nc6 11. Qc2 e6 12. b4 Bd7 13. Rfc1 Qe7 14. e3 Rfc8 15. Nb3 Nd8 16. Nfd2 Ba4 17. Qc4 c6 18. Qd3 Bb5 19. Qb1 Nf7 20. Nc4 Bxc4 21. Rxc4 e5 22. dxe5 Nxe5 23. Rc1 d5 24. Bxe5 Qxe5 25. Nd4 Ne4 26. f4 Qe7 27. Bxe4 Qxe4 28. Qxe4 dxe4 29. Rd1 Rd8 30. Ne6 Rxd1+ 31. Rxd1 Rxa3 32. Rd7 Bf6 33. Kf2 Ra2+ 34. Kf1 b5 35. Rc7 Rb2 36. Rxc6 Rxb4 37. Nc7 Rc4 38. Rxf6 Rxc7 39. Rb6 Rc1+ 40. Kf2 Rc2+ 41. Kf1 Rb2 42. h3 b4 43. g4 b3 44. g5 Kf7 45. Ke1 Ke7 46. Kd1 Kd7 47. Rb7+ Kc6 48. Rxh7 Re2 49. Kc1 Rxe3 50. Rh6 Kd5 51. Rxg6 Rxh3 52. Kb2 e3 53. Kc3 b2 54. Rh6 e2+ 0-1

[Event "Kecskemet Caissa IM"]
[Site "Kecskemet"]
[Date "2010.06.22"]
[Round "6"]
[White "Keresztes, Richard"]
[Black "Iwamoto, Takashi"]
[Result "1/2-1/2"]
[WhiteElo "2286"]
[BlackElo "2268"]
[PlyCount "49"]
[EventDate "2010.06.19"]
[EventType "tourn"]
[EventRounds "9"]
[EventCountry "HUN"]
[SourceTitle "CBM 137 Extra"]
[Source "ChessBase"]
[SourceDate "2010.09.01"]
[SourceVersion "1"]
[SourceVersionDate "2010.09.01"]
[SourceQuality "1"]

1. d4 d5 2. c4 dxc4 3. e3 Nf6 4. Bxc4 e6 5. Nf3 c5 6. 0-0 a6 7. a4 Nc6 8. Nc3 Be7 9. dxc5 Qc7 10. Qe2 Bxc5 11. e4 Ng4 12. g3 0-0 13. Bf4 Nge5 14. Nxe5 Nxe5 15. Qh5 Bd6 16. Be2 Nd7 17. Bxd6 Qxd6 18. Rfd1 Qb4 19. Rd2 b6 20. Rad1 Nc5 21. Bf3 Bb7 22. e5 g6 23. Qg4 Qxg4 24. Bxg4 Bc6 25. Rd4 1/2-1/2

[Event "Kecskemet Caissa IM"]
[Site "Kecskemet"]
[Date "2010.06.21"]
[Round "4"]
[White "Farkas, Tibor"]
[Black "Iwamoto, Takashi"]
[Result "1-0"]
[WhiteElo "2243"]
[BlackElo "2268"]
[PlyCount "77"]
[EventDate "2010.06.19"]
[EventType "tourn"]
[EventRounds "9"]
[EventCountry "HUN"]
[SourceTitle "CBM 137 Extra"]
[Source "ChessBase"]
[SourceDate "2010.09.01"]
[SourceVersion "1"]
[SourceVersionDate "2010.09.01"]
[SourceQuality "1"]

1. c4 e5 2. Nc3 Nf6 3. Nf3 Nc6 4. g3 Bc5 5. Bg2 0-0 6. 0-0 a6 7. d3 h6 8. a3 d6 9. b4 Ba7 10. Bb2 Be6 11. Nd2 Qd7 12. Nd5 Bxd5 13. cxd5 Ne7 14. Qb3 c6 15. dxc6 Nxc6 16. e3 Rac8 17. Ne4 Nxe4 18. dxe4 Qe6 19. Qd3 Ne7 20. Rfd1 Rc6 21. Rd2 Rd8 22. Bf3 Kh8 23. Rc1 Rxc1+ 24. Bxc1 Rc8 25. Bb2 Bb8 26. Bd1 f6 27. Kg2 Qd7 28. h3 Rd8 29. Bg4 Qe8 30. Be6 Qg6 31. a4 h5 32. b5 axb5 33. axb5 Qh7 34. Bc3 g5 35. Ba5 Rf8 36. Bb4 Rd8 37. Rd1 Qg6 38. f3 Qe8 39. Ba5 1-0

[Event "Kecskemet Caissa IM"]
[Site "Kecskemet"]
[Date "2010.06.20"]
[Round "3"]
[White "Iwamoto, Takashi"]
[Black "Zsiros, Laszlo"]
[Result "1-0"]
[WhiteElo "2268"]
[BlackElo "2004"]
[PlyCount "85"]
[EventDate "2010.06.19"]
[EventType "tourn"]
[EventRounds "9"]
[EventCountry "HUN"]
[SourceTitle "CBM 137 Extra"]
[Source "ChessBase"]
[SourceDate "2010.09.01"]
[SourceVersion "1"]
[SourceVersionDate "2010.09.01"]
[SourceQuality "1"]

1. Nf3 Nf6 2. c4 c5 3. g3 d6 4. Bg2 Nc6 5. 0-0 g6 6. Nc3 Bg7 7. d4 cxd4 8. Nxd4 Nxd4 9. Qxd4 0-0 10. Qh4 Rb8 11. Bh6 Qd7 12. Bxg7 Kxg7 13. Qd4 b6 14. Nd5 Bb7 15. Nxf6 exf6 16. Bxb7 Rxb7 17. Rfd1 Rd8 18. Rd3 Qe6 19. Re3 Qf5 20. Rd1 Rbd7 21. Qd2 d5 22. Rd3 d4 23. b3 h5 24. Rf3 Qe6 25. Qd3 Re8 26. Rd2 g5 27. Rf5 Red8 28. h4 gxh4 29. Rxh5 hxg3 30. Qxg3+ Kf8 31. Qf3 Ke7 32. Rh4 Rg8+ 33. Kf1 Rg5 34. Rhxd4 Rxd4 35. Rxd4 Re5 36. Qb7+ Kf8 37. Qa8+ Kg7 38. Rh4 Qe8 39. Rg4+ Kf8 40. Qxa7 Rg5 41. Rxg5 fxg5 42. Qxb6 Kg7 43. Qd4+ 1-0

[Event "Budapest FS06 IM-A"]
[Site "Budapest"]
[Date "2010.06.15"]
[Round "11"]
[White "Iwamoto, Takashi"]
[Black "Rooze, Jan"]
[Result "1/2-1/2"]
[WhiteElo "2268"]
[BlackElo "2338"]
[PlyCount "60"]
[EventDate "2010.06.05"]
[EventType "tourn"]
[EventRounds "11"]
[EventCountry "HUN"]
[EventCategory "1"]
[SourceTitle "CBM 136 Extra"]
[Source "ChessBase"]
[SourceDate "2010.07.02"]
[SourceVersion "2"]
[SourceVersionDate "2010.07.15"]
[SourceQuality "1"]

1. Nf3 Nf6 2. c4 c5 3. g3 b6 4. Bg2 Bb7 5. 0-0 e6 6. Nc3 Be7 7. Re1 d6 8. e4 a6 9. d4 cxd4 10. Nxd4 Qc7 11. Be3 Nbd7 12. f4 0-0 13. Rc1 Rac8 14. f5 e5 15. Nd5 Qd8 16. Nb3 Nxd5 17. cxd5 Bg5 18. Qd2 Bxe3+ 19. Qxe3 Rxc1 20. Rxc1 Qb8 21. Rc3 Rc8 22. Qc1 Rxc3 23. Qxc3 Qc8 24. Qxc8+ Bxc8 25. Nd2 Kf8 26. Kf2 Ke7 27. Ke3 Kd8 28. Bf1 Kc7 29. Be2 Nf6 30. g4 h6 1/2-1/2

[Event "Budapest FS06 IM-A"]
[Site "Budapest"]
[Date "2010.06.13"]
[Round "9"]
[White "Iwamoto, Takashi"]
[Black "Szeberenyi, Adam"]
[Result "1-0"]
[WhiteElo "2268"]
[BlackElo "2308"]
[PlyCount "113"]
[EventDate "2010.06.05"]
[EventType "tourn"]
[EventRounds "11"]
[EventCountry "HUN"]
[EventCategory "1"]
[SourceTitle "CBM 136 Extra"]
[Source "ChessBase"]
[SourceDate "2010.07.02"]
[SourceVersion "2"]
[SourceVersionDate "2010.07.15"]
[SourceQuality "1"]

1. Nf3 c5 2. c3 d5 3. d4 e6 4. Bf4 Bd6 5. Bg3 Nc6 6. e3 Nf6 7. Nbd2 0-0 8. Bd3 Qe7 9. Bxd6 Qxd6 10. 0-0 e5 11. dxc5 Qxc5 12. e4 Bg4 13. Nb3 Qd6 14. exd5 Qxd5 15. Be2 Rad8 16. Qxd5 Nxd5 17. h3 Bh5 18. g3 e4 19. Nfd4 Nxd4 20. Bxh5 Nxb3 21. axb3 Nf6 22. Bd1 a6 23. Bc2 Rd2 24. Rac1 g5 25. Rfd1 Rfd8 26. Kf1 Kg7 27. Ke1 Rxd1+ 28. Rxd1 Re8 29. Rd4 e3 30. f3 Nh5 31. Rg4 h6 32. h4 Nf6 33. Rd4 Nh5 34. Rg4 Rd8 35. hxg5 Rd2 36. Be4 Rxb2 37. Bxb7 Rg2 38. gxh6+ Kxh6 39. Rh4 Rxg3 40. Ke2 Kg5 41. Ra4 f5 42. Kxe3 f4+ 43. Kd3 Rg1 44. Rxa6 Ng3 45. b4 Kf5 46. Bc8+ Kg5 47. b5 Rd1+ 48. Kc2 Rd8 49. Rc6 Nf1 50. b6 Ne3+ 51. Kb3 Rd1 52. Rc5+ Kf6 53. b7 Rb1+ 54. Ka2 Rb6 55. Rc6+ Rxc6 56. b8Q Nd5 57. Bb7 1-0

[Event "Budapest FS05 IM-B"]
[Site "Budapest"]
[Date "2010.05.07"]
[Round "7"]
[White "Husari, Satea"]
[Black "Iwamoto, Takashi"]
[Result "0-1"]
[WhiteElo "2334"]
[BlackElo "2268"]
[PlyCount "108"]
[EventDate "2010.05.01"]
[EventType "tourn"]
[EventRounds "10"]
[EventCountry "HUN"]
[EventCategory "1"]
[SourceTitle "CBM 136 Extra"]
[Source "ChessBase"]
[SourceDate "2010.07.02"]
[SourceVersion "2"]
[SourceVersionDate "2010.07.15"]
[SourceQuality "1"]

1. Nf3 d5 2. d4 Nf6 3. c4 dxc4 4. e3 a6 5. Bxc4 e6 6. 0-0 c5 7. Bd3 Nc6 8. Re1 Be7 9. Nc3 0-0 10. a4 Nb4 11. Bf1 cxd4 12. exd4 b6 13. Bf4 Bb7 14. Rc1 Rc8 15. Ne5 Nfd5 16. Bd2 Nf6 17. Bg5 Nfd5 18. Bxe7 Qxe7 19. Qd2 Nf6 20. Qg5 Qd8 21. Red1 h6 22. Qh4 Ne4 23. Qxd8 Rfxd8 24. Nxe4 Bxe4 25. Rxc8 Rxc8 26. Nc4 Rc6 27. Ne3 Bc2 28. Ra1 Kf8 29. g3 Be4 30. Be2 Ke7 31. f3 Bd5 32. Kf2 Kd6 33. h4 Rc7 34. g4 a5 35. g5 hxg5 36. hxg5 Nc2 37. Nxc2 Rxc2 38. Ke3 g6 39. Rh1 Rxb2 40. Rh8 Rb3+ 41. Kf2 Bc6 42. Rh7 Ke7 43. f4 Rb4 44. Bd3 Kf8 45. Rh8+ Kg7 46. Rc8 Bxa4 47. Ke3 Bb5 48. Be4 Bc4 49. Kd2 Bd5 50. Ke3 Bxe4 51. Kxe4 a4 52. Ke5 Rb5+ 53. Kd6 Rd5+ 54. Ke7 Rxd4 0-1

[Event "Budapest FS05 IM-B"]
[Site "Budapest"]
[Date "2010.05.05"]
[Round "5"]
[White "Ocantos, Manuel"]
[Black "Iwamoto, Takashi"]
[Result "0-1"]
[WhiteElo "2125"]
[BlackElo "2268"]
[PlyCount "72"]
[EventDate "2010.05.01"]
[EventType "tourn"]
[EventRounds "10"]
[EventCountry "HUN"]
[EventCategory "1"]
[SourceTitle "CBM 136 Extra"]
[Source "ChessBase"]
[SourceDate "2010.07.02"]
[SourceVersion "2"]
[SourceVersionDate "2010.07.15"]
[SourceQuality "1"]

1. e4 e5 2. Nf3 Nc6 3. Nc3 Nf6 4. d4 exd4 5. Nxd4 Bb4 6. Nxc6 bxc6 7. Bd3 0-0 8. 0-0 Re8 9. Qf3 h6 10. Bd2 Rb8 11. Rfe1 Bd6 12. Rab1 Be5 13. h3 d6 14. b3 Bb7 15. Ne2 c5 16. Nf4 Nh7 17. Nd5 c6 18. Ne3 Ng5 19. Qd1 d5 20. exd5 cxd5 21. Ng4 Bc7 22. Rxe8+ Qxe8 23. Bxg5 hxg5 24. Qf3 Qe6 25. Qe3 Qxe3 26. Nxe3 Ba5 27. Rd1 Re8 28. Bb5 Re5 29. g4 g6 30. Bf1 Bc3 31. Bg2 Bd4 32. Nxd5 Bxd5 33. c3 Bxg2 34. cxd4 Bf3 35. Rd3 Re1+ 36. Kh2 Be4 0-1

[Event "Kecskemet Caissa IM 04"]
[Site "Kecskemet"]
[Date "2010.04.21"]
[Round "4"]
[White "Iwamoto, Takashi"]
[Black "Farkas, Tibor"]
[Result "1/2-1/2"]
[WhiteElo "2268"]
[BlackElo "2243"]
[PlyCount "69"]
[EventDate "2010.04.17"]
[EventType "tourn"]
[EventRounds "10"]
[EventCountry "HUN"]
[EventCategory "1"]
[SourceTitle "CBM 136 Extra"]
[Source "ChessBase"]
[SourceDate "2010.07.02"]
[SourceVersion "2"]
[SourceVersionDate "2010.07.15"]
[SourceQuality "1"]

1. Nf3 Nf6 2. c4 g6 3. Nc3 d5 4. cxd5 Nxd5 5. e4 Nxc3 6. dxc3 Qxd1+ 7. Kxd1 f6 8. Be3 e5 9. Bc4 Nd7 10. Kc2 Bc5 11. Rhe1 Ke7 12. Rad1 Bxe3 13. Rxe3 Nb6 14. Nd2 Nxc4 15. Nxc4 b6 16. Red3 Be6 17. Ne3 c6 18. a3 Rhd8 19. g3 Rxd3 20. Rxd3 f5 21. exf5 Bxf5 22. Nxf5+ gxf5 23. f3 h5 24. Kd2 Rg8 25. Ke3 h4 26. Kf2 hxg3+ 27. hxg3 b5 28. Rd1 Rh8 29. Kg2 Ke6 30. b3 a5 31. g4 a4 32. gxf5+ Kxf5 33. bxa4 Ra8 34. axb5 cxb5 35. Rd5 1/2-1/2

[Event "Kecskemet Caissa IM 04"]
[Site "Kecskemet"]
[Date "2010.04.17"]
[Round "1"]
[White "Iwamoto, Takashi"]
[Black "Tesik, Csaba"]
[Result "1-0"]
[WhiteElo "2268"]
[BlackElo "2159"]
[PlyCount "61"]
[EventDate "2010.04.17"]
[EventType "tourn"]
[EventRounds "10"]
[EventCountry "HUN"]
[EventCategory "1"]
[SourceTitle "CBM 136 Extra"]
[Source "ChessBase"]
[SourceDate "2010.07.02"]
[SourceVersion "2"]
[SourceVersionDate "2010.07.15"]
[SourceQuality "1"]

1. Nf3 Nf6 2. c4 c5 3. Nc3 Nc6 4. g3 e6 5. Bg2 Be7 6. 0-0 0-0 7. d4 cxd4 8. Nxd4 a6 9. b3 Qc7 10. Bb2 d6 11. Rc1 Ne5 12. Qd2 Rd8 13. f4 Ng6 14. e3 Bd7 15. Rfd1 Rac8 16. Qe2 Qb6 17. Ne4 Nxe4 18. Bxe4 Be8 19. f5 Nf8 20. Qf3 Rc7 21. Ne2 exf5 22. Bxf5 Bc6 23. Qf2 Ne6 24. Nf4 Nxf4 25. Qxf4 Be8 26. Rd5 Rc6 27. Qe4 Qc7 28. Bxh7+ Kf8 29. Bxg7+ Kxg7 30. Qg4+ Bg5 31. Rxg5+ 1-0

[Event "American op 45th"]
[Site "Los Angeles"]
[Date "2009.11.28"]
[Round "5"]
[White "Landaw, Julian W"]
[Black "Iwamoto, Takashi"]
[Result "1-0"]
[WhiteElo "2272"]
[BlackElo "2252"]
[PlyCount "71"]
[EventDate "2009.11.26"]
[EventType "swiss"]
[EventRounds "8"]
[EventCountry "USA"]
[SourceTitle "EXT 2013"]
[Source "ChessBase"]
[SourceDate "2012.11.22"]
[SourceVersion "1"]
[SourceVersionDate "2012.11.22"]
[SourceQuality "1"]

1. e4 e5 2. Nf3 Nc6 3. Bb5 a6 4. Ba4 Nf6 5. 0-0 Be7 6. Re1 b5 7. Bb3 d6 8. c3 Na5 9. Bc2 c5 10. d4 Qc7 11. Nbd2 cxd4 12. cxd4 Be6 13. Nf1 Rc8 14. Bd3 0-0 15. b3 Bg4 16. d5 Bd8 17. h3 Bd7 18. Be3 Qb8 19. Qd2 Kh8 20. Bg5 Nb7 21. b4 Ng8 22. Be3 Ne7 23. a4 bxa4 24. Bxa6 f5 25. Bg5 f4 26. Qd3 h6 27. Bxe7 Bxe7 28. Reb1 Qc7 29. Bb5 Ra8 30. Rc1 Qd8 31. Bc6 Rb8 32. Qa6 Qe8 33. Qxa4 Rd8 34. Qb5 Bxc6 35. dxc6 Rb8 36. Qd5 1-0

[Event "Southern California-ch cand"]
[Site "Garden Grove"]
[Date "2009.06.20"]
[Round "1"]
[White "Iwamoto, Takashi"]
[Black "Lawrence, Danyul"]
[Result "1-0"]
[WhiteElo "2260"]
[BlackElo "2075"]
[PlyCount "39"]
[EventDate "2009.06.20"]
[EventType "swiss"]
[EventRounds "4"]
[EventCountry "USA"]
[SourceTitle "EXT 2014"]
[Source "ChessBase"]
[SourceDate "2013.11.20"]
[SourceVersion "1"]
[SourceVersionDate "2013.11.20"]
[SourceQuality "1"]

1. Nf3 c5 2. c4 Nc6 3. g3 Nf6 4. Bg2 e6 5. 0-0 Qb6 6. Nc3 Be7 7. b3 0-0 8. Bb2 a6 9. e3 Rd8 10. Rc1 Rb8 11. Qe2 Qa7 12. d4 d5 13. cxd5 exd5 14. dxc5 Bxc5 15. Na4 Be7 16. Ne5 Bd7 17. Nxd7 Rxd7 18. Rfd1 Nd8 19. Be5 Ra8 20. Bd4 1-0

[Event "Pacific Southwest op 45th"]
[Site "Burbank"]
[Date "2005.07.03"]
[Round "4"]
[White "Iwamoto, Takashi"]
[Black "Peters, Jack"]
[Result "0-1"]
[WhiteElo "2270"]
[BlackElo "2430"]
[PlyCount "84"]
[EventDate "2005.07.02"]
[EventType "swiss"]
[EventRounds "6"]
[EventCountry "USA"]
[SourceTitle "EXT 2014"]
[Source "ChessBase"]
[SourceDate "2013.11.20"]
[SourceVersion "1"]
[SourceVersionDate "2013.11.20"]
[SourceQuality "1"]

1. d4 Nf6 2. c4 g6 3. Nc3 Bg7 4. e4 d6 5. Nf3 0-0 6. Be2 e5 7. dxe5 dxe5 8. Qxd8 Rxd8 9. Bg5 c6 10. 0-0 h6 11. Rad1 Re8 12. Be3 Ng4 13. Bc5 Nd7 14. Bd6 Bf8 15. Ne1 Ngf6 16. Nc2 Nc5 17. f3 a5 18. Rd2 Rd8 19. Rfd1 Rxd6 20. Rxd6 Bxd6 21. Rxd6 Ne8 22. Rd2 Nc7 23. Ne1 Be6 24. Kf2 N7a6 25. Nd3 Nxd3+ 26. Bxd3 Nc5 27. Bf1 Kf8 28. Ke3 Ke7 29. g3 a4 30. Nb1 Ra5 31. Rc2 f5 32. Nd2 g5 33. exf5 Bxf5 34. Ne4 Bxe4 35. fxe4 Ne6 36. a3 Ra6 37. Kd2 Nd4 38. Rc3 Rb6 39. Kc1 Nb3+ 40. Kc2 Kd6 41. g4 Nd4+ 42. Kc1 Kc5 0-1